000 01030cam a2200277 a 4500
999 _c26575
_d26575
001 4015005
005 20170204155954.0
008 970220s1997 ohua 001 0 eng
010 _a 97007340
020 _a0891347437 (alk. paper)
050 0 0 _aN7660 .B48 1997
245 0 4 _aThe Best of wildlife art /
_cedited by Rachel Rubin Wolf.
260 _aCincinnati, Ohio :
_bNorth Light Books,
_cc1997.
300 _a143 p. :
_bcol. ill. ;
_c31 cm.
500 _aIncludes index.
650 0 _aWildlife art.
700 1 _aRubin Wolf, Rachel,
_d1951-
942 _2lcc
_cBOOKS